El libro de la cadena del concejo de Jaca (Record no. 184593)

MARC details
000 -LEADER
campo de control de longitud fija 00894nam a2200193 i 4500
001 - NÚMERO DE CONTROL
campo de control 184593
003 - IDENTIFICADOR DE NÚMERO DE CONTROL
campo de control ES-MaACL
005 - FECHA Y HORA DE LA ÚLTIMA TRANSACCIÓN
campo de control 20250826010036.0
008 - DATOS DE LONGITUD FIJA--INFORMACIÓN GENERAL
campo de control de longitud fija 151026s1920 sp |||| | spa d
245 03 - MENCIÓN DEL TÍTULO
Título El libro de la cadena del concejo de Jaca
Resto del título : documentos reales, episcopales y municipales de los siglos X, XI, XII, XIII y XIV /
Mención de responsabilidad, etc. transcripción, traducción y anotaciones del cronista ... Dámaso Sangorrín y Diest-Garcés.
260 ## - PUBLICACIÓN, DISTRIBUCIÓN, ETC.
Lugar de publicación, distribución, etc. [S.l. :
Nombre del editor, distribuidor, etc. s.n.,
Fecha de publicación, distribución, etc. 1920] (
Lugar de fabricación/manufactura Zaragoza :
Fabricante Imp. de F. Martínez)
300 ## - DESCRIPCIÓN FÍSICA
Extensión 392 p. ;
Dimensiones 22 cm.
490 1# - MENCIÓN DE SERIE
Mención de serie Colección de documentos para el estudio de la historia de Aragón ;
Designación de volumen o secuencia 12
651 #4 - PUNTO DE ACCESO ADICIONAL DE MATERIA--NOMBRE GEOGRÁFICO
Nombre geográfico Jaca-
Subdivisión general Historia-
Subdivisión de forma Fuentes.
9 (RLIN) 158018
700 1# - ENTRADA AGREGADA--NOMBRE PERSONAL
Nombre de persona Sangorrín y Diest-Garcés, Dámaso.
9 (RLIN) 158019
830 00 - PUNTO DE ACCESO ADICIONAL DE SERIE-TÍTULO UNIFORME
Título uniforme Colección de documentos para el estudio de la historia de Aragón
Designación de volumen o secuencia 12
9 (RLIN) 192177
852 ## - LOCALIZACIÓN
Ubicación ES-MaACL
Número de control de estantería C-2181
Holdings
Estatus retirado Estado de pérdida Estado de daño No para préstamo Biblioteca de origen Biblioteca actual Ubicación en estantería Fecha de adquisición Fuente de adquisición Total de préstamos Signatura topográfica completa Código de barras Visto por última vez Precio de reemplazo Tipo de ítem Koha
        Biblioteca del Ateneo de Madrid Biblioteca del Ateneo de Madrid Sala Palomar 26/10/2015     C-2181 1194344 23/02/2023 23/02/2023 Libro impreso